Eviction of tenants in the social rented sector (Record no. 110905)
[ view plain ]
| 000 -LEADER | |
|---|---|
| fixed length control field | 01003cad a22002175a 4500 |
| 001 - CONTROL NUMBER | |
| control field | E150553 |
| 008 - FIXED-LENGTH DATA ELEMENTS--GENERAL INFORMATION | |
| fixed length control field | 100626s2010 xxk f s000 0 eng d |
| 020 ## - INTERNATIONAL STANDARD BOOK NUMBER | |
| International Standard Book Number | 9780755994892 |
| 035 ## - SYSTEM CONTROL NUMBER | |
| System control number | (Sirsi) u150553 |
| 041 0# - LANGUAGE CODE | |
| Language code of text/sound track or separate title | eng |
| 100 2# - MAIN ENTRY--PERSONAL NAME | |
| Personal name | Robertson, Lucy |
| 245 00 - TITLE STATEMENT | |
| Title | Eviction of tenants in the social rented sector |
| Remainder of title | protection of tenants with rent arrears, an analysis of consultation responses |
| Medium | [electronic resource] |
| 260 ## - PUBLICATION, DISTRIBUTION, ETC. | |
| Place of publication, distribution, etc. | Edinburgh |
| Name of publisher, distributor, etc. | Scottish Government |
| Date of publication, distribution, etc. | 2010 |
| 520 ## - SUMMARY, ETC. | |
| Summary, etc. | Analyses responses to the Scottish Government's consultation paper of March 2010, which sought views on methods of strengthening protections for tenants in the social rented sector facing eviction for rent arrears |
| 521 ## - TARGET AUDIENCE NOTE | |
| Target audience note | Advanced |
| 590 ## - LOCAL NOTE (RLIN) | |
| Local note | KA |
| 651 #4 - SUBJECT ADDED ENTRY--GEOGRAPHIC NAME | |
| Geographic name | Scotland |
| Chronological subdivision | 1999- |
| 690 ## - LOCAL SUBJECT ADDED ENTRY--TOPICAL TERM (OCLC, RLIN) | |
| Topical term or geographic name as entry element | PROPERTY-RESIDENTIAL PROPERTY-RESIDENTIAL LANDLORD AND TENANT |
| 856 40 - ELECTRONIC LOCATION AND ACCESS | |
| Uniform Resource Identifier | <a href="https://www.scotland.gov.uk/Publications/2010/07/16125553/0">https://www.scotland.gov.uk/Publications/2010/07/16125553/0</a> |
| Public note | View the consultation free of charge at www.scotland.gov.uk |
| 942 ## - ADDED ENTRY ELEMENTS (KOHA) | |
| Suppress in OPAC | 0 |
| Withdrawn status | Lost status | Source of classification or shelving scheme | Damaged status | Not for loan | Home library | Current library | Shelving location | Date acquired | Total Checkouts | Full call number | Barcode | Date last seen | Copy number | Price effective from | Koha item type |
|---|---|---|---|---|---|---|---|---|---|---|---|---|---|---|---|
| Dewey Decimal Classification | Virtual | Virtual | Online | 26/07/2010 | ONLINE PUBLICATION | 150553-2001 | 06/08/2019 | 1 | 06/08/2019 | Book |